000 00677nam a2200241Ia 4500
003 OSt
005 20220927105346.0
006 a|||||r|||| 00| 0
007 ta
008 220926b |||||||| |||| 00| 0 eng d
024 _a170135
037 _cReference Collections
040 _aRTL
_cRTL
_beng
041 _2eng
_aeng
082 _a"X61n1, P06, P6"
110 _aINTERNATIONAL MONETARY FUND.
245 0 _aInternational Financial statistics.
260 _a"Washington,"
_bD.C IMF
_c2006
300 _axxvii; 1070p.
_ccm.
700 _aINTERNATIONAL MONETARY FUND.
942 _h"X61n1, P06, P6"
_cCC
999 _c692097
_d692097